000 00265 a2200109 4500
001 155261
040 _cEscola São Tomás de Aquino
240 1 0 _aMamíferos da Serra do Cipó
_lpor
245 1 0 _aMamíferos da Serra do Cipó
697 _aGENERALIDADES
942 _cBK
999 _c155261
_d155261